00543nam a22001697a 450000500170000001000150001702000260003203500140005803700130007208200100008524500790009526000550017427000620022930000200029150000510031170000110036220170620103720.0 aENG-118875 a9788193243862c950.00 aEN-102407 bDBAD/PUB a651.3 aHow to manage office effectively /cedited by Gunjan ; dedicated by Devika aNew DelhibJawahar Publishers & Distributorsc2016 a46, Samachar Apartment, Mayur Vihar-I bNew Delhie110091 a280p.c22cm(Hb) aIncludes bibliographical reference and index  aGunjan